[Event "2nd Asian Nations Team Cup U14 2019"]
[Site "Shenzhen"]
[Date "2019.12.20"]
[Round "2.17"]
[White "Amilal Munkhdalai"]
[Black "Han, Xuqian Ben"]
[Result "1-0"]
[WhiteElo "2126"]
[BlackElo "1714"]
[Annotator "TA"]
[PlyCount "117"]
[EventDate "2019.12.19"]
[EventType "team-tourn"]
[EventCountry "CHN"]
[SourceTitle "playchess.com"]
[Source "ChessBase"]
[SourceQuality "1"]

{[%evp 20,116,146,135,179,189,194,170,182,170,214,210,216,219,229,229,227,227,214,170,170,170,172,147,164,158,181,147,190,181,175,181,237,250,241,237,250,246,333,311,324,293,477,336,482,481,496,458,462,451,462,452,542,522,507,486,489,487,761,754,740,798,2039,2039,2913,3598,29975,29976,29975,29977,29979,29980,29979,29978,29979,29980,29984,29985,29988,29989,29989,29989,29989,29990,29991,29992,29993,29994,29994,29995,29995,29996,29997,29997,29998,29998,29998,29999,29999]} 1. e4 c5 2. Nf3 e6 3. d4 cxd4 4. Nxd4 Nc6 5. Nb5 a6 6. Nd6+ Bxd6 7. Qxd6 Nf6 8. Nc3 Qe7 9. Bf4 e5 10. Qxe7+ Kxe7 11. Bg5 Rb8 $146 {B45: Sicilian Four Knights} ({Predecessor:} 11... h6 12. Nd5+ Kd6 13. Bxf6 gxf6 14. O-O-O Rb8 15. Nxf6+ Ke7 16. Nd5+ Ke8 17. Be2 Ne7 18. Nf6+ Kd8 19. Bg4 {1-0 (53) Shvedova,A (1529)-Satanovskaia,E (1455) Minsk 2018}) 12. Nd5+ Ke6 13. Bxf6 gxf6 {White is clearly better.} 14. O-O-O b5 15. g3 f5 16. Bh3 f6 17. Ne3 Ne7 18. exf5+ Kf7 19. Rd6 Bb7 20. Rhd1 {Threatens to win with Ng4.} Bc6 21. Bg4 {And now Bh5+ would win.} h5 22. Be2 Nc8 23. R6d2 Ne7 24. c4 bxc4 25. Bxc4+ Kg7 (25... Ke8 $142 26. Rd6 Rf8 27. Bxa6 Ra8) 26. Rxd7 $18 Bxd7 27. Rxd7 Kf8 28. Bxa6 Ke8 29. Rd6 Rf8 30. a4 Rf7 $2 {[#]} (30... Rd8) 31. Be2 Rh7 (31... Nc8 $142) 32. Rxf6 Ng8 33. Re6+ Re7 34. Bxh5+ Kf8 35. Rxe7 Kxe7 {[%mdl 4096] Endgame KRN-KBN} 36. Bf3 Nf6 37. Nd5+ Nxd5 38. Bxd5 {KR-KB} Kd6 (38... Rc8+ $142 39. Kb1 Rd8) 39. Bc4 Rc8 40. b3 e4 41. f6 Ke5 42. f7 Kf5 43. Kd2 {White mates.} Rd8+ 44. Ke3 Kf6 45. a5 {[%cal Ba4a5,Ba5a6][%mdl 32]} Ke7 46. a6 Rd7 47. h4 Ra7 48. h5 Kf8 49. h6 Ra8 50. g4 Ke7 51. g5 Rb8 52. g6 Kf6 53. g7 Ke5 54. g8=Q Rxg8 55. fxg8=Q {[%csl Gc4][%cal Rg8e6]} Kf6 56. Qe6+ {[%mdl 64] [#] Double Attack} Kg5 57. h7 Kh4 58. h8=Q+ Kg5 59. Qhh6# {Accuracy: White = 90%, Black = 37%.} 1-0

[Event "2nd Asian Nations Team Cup U14 2019"]
[Site "Shenzhen"]
[Date "2019.12.20"]
[Round "2.18"]
[White "Kannappan, Thanneermalai"]
[Black "Tsogtbayar, Batlut"]
[Result "0-1"]
[WhiteElo "1495"]
[BlackElo "1404"]
[Annotator "NA RC"]
[PlyCount "102"]
[EventDate "2019.12.19"]
[EventType "team-tourn"]
[EventCountry "CHN"]
[SourceTitle "playchess.com"]
[Source "ChessBase"]
[SourceQuality "1"]
[TimeControl "5400+30"]

1. e4 {[%emt 0:00:00]} c5 {[%emt 0:00:02]} 2. Nf3 {[%emt 0:00:00]} Nc6 {[%emt 0:00:37]} 3. d4 {[%emt 0:00:17]} cxd4 {[%emt 0:00:27]} 4. Nxd4 {[%emt 0:00:19]} Qb6 {[%emt 0:00:37]} 5. Nb3 {[%emt 0:01:17]} Nf6 {[%emt 0:00:24]} 6. Nc3 {[%emt 0:02:42]} e6 {[%emt 0:00:21]} 7. Be3 {[%emt 0:05:57]} Qc7 {[%emt 0:00:25]} 8. Be2 {[%emt 0:11:18]} a6 {[%emt 0:01:53]} 9. O-O {[%emt 0:16:55]} Be7 {[%emt 0:01:42]} 10. f4 {[%emt 0:09:15]} d6 {[%emt 0:02:07]} 11. g4 {[%emt 0:08:56]} b5 {[%emt 0:03:19]} 12. g5 {[%emt 0:08:42]} Nd7 {[%emt 0:00:22]} 13. Bf3 {[%emt 0:01:53]} Bb7 {[%emt 0:01:25]} 14. Bg2 {[%emt 0:06:29]} h6 {[%emt 0:01:05]} 15. Qh5 {[%emt 0:06:58]} g6 {[%emt 0:11:33]} 16. Qe2 {[%emt 0:02:55]} hxg5 {[%emt 0:01:15]} 17. fxg5 {[%emt 0:02:24]} Nde5 {[%emt 0:00:36]} 18. Nd4 {[%emt 0:01:06]} Nxd4 {[%emt 0:01:28]} 19. Bxd4 {[%emt 0:00:12]} Bxg5 {[%emt 0:00:41]} 20. Bxe5 {[%emt 0:00:58]} dxe5 {[%emt 0:02:12]} 21. Rad1 {[%emt 0:01:05]} Bf4 {[%emt 0:01:01]} 22. h3 {[%emt 0:00:34]} Qb6+ {[%emt 0:01:01]} 23. Kh1 {[%emt 0:00:19]} Qe3 {[%emt 0:00:48]} 24. Rxf4 {[%emt 0:02:01]} Qxe2 {[%emt 0:00:43]} 25. Nxe2 {[%emt 0:00:05]} exf4 {[%emt 0:00:07]} 26. Nxf4 {[%emt 0:00:06]} g5 {[%emt 0:00:06]} 27. Ne2 {[%emt 0:01:38]} g4 {[%emt 0:00:14]} 28. Rd3 {[%emt 0:00:59]} gxh3 {[%emt 0:00:10]} 29. Rxh3 {[%emt 0:00:33]} Rxh3+ {[%emt 0:00:09]} 30. Bxh3 {[%emt 0:00:07]} Bxe4+ {[%emt 0:00:06]} 31. Kg1 {[%emt 0:00:07]} Bxc2 {[%emt 0:00:28]} 32. Nd4 {[%emt 0:00:10]} Be4 {[%emt 0:00:19]} 33. Kf2 {[%emt 0:00:07]} Ke7 {[%emt 0:00:10]} 34. Ke3 {[%emt 0:00:05]} f5 {[%emt 0:00:11]} 35. Bf1 {[%emt 0:00:27]} Kf6 {[%emt 0:00:09]} 36. Be2 {[%emt 0:00:13]} e5 {[%emt 0:00:06]} 37. Nf3 {[%emt 0:00:18]} Bxf3 {[%emt 0:00:07]} 38. Bxf3 {[%emt 0:00:04]} e4 {[%emt 0:00:07]} 39. Be2 {[%emt 0:00:03]} Ke5 {[%emt 0:00:09]} 40. b3 {[%emt 0:00:08]} f4+ {[%emt 0:00:05]} 41. Kf2 {[%emt 0:00:06]} Rc8 {[%emt 0:00:08]} 42. Ke1 {[%emt 0:00:22]} Rc2 {[%emt 0:00:13]} 43. a4 {[%emt 0:00:07]} bxa4 {[%emt 0:00:03]} 44. bxa4 {[%emt 0:00:07]} a5 {[%emt 0:00:05]} 45. Kd1 {[%emt 0:00:04]} Ra2 {[%emt 0:00:10]} 46. Bb5 {[%emt 0:00:10]} Kd4 {[%emt 0:00:07]} 47. Ba6 {[%emt 0:00:11]} f3 {[%emt 0:00:04]} 48. Bb5 {[%emt 0:00:10]} e3 {[%emt 0:00:07]} 49. Ba6 {[%emt 0:00:08]} Kc3 {[%emt 0:00:05]} 50. Bd3 {[%emt 0:00:12]} Ra1+ {[%emt 0:00:10]} 51. Bb1 {[%emt 0:00:06]} Rxb1# {[%emt 0:00:04]} 0-1

[Event "2nd Asian Nations Team Cup U14 2019"]
[Site "Shenzhen"]
[Date "2019.12.21"]
[Round "3.1"]
[White "Han, Xuqian Ben"]
[Black "Yin, Richard"]
[Result "0-1"]
[WhiteElo "1714"]
[BlackElo "1427"]
[Annotator "NA RC"]
[PlyCount "90"]
[EventDate "2019.12.19"]
[EventType "team-tourn"]
[EventCountry "CHN"]
[SourceTitle "playchess.com"]
[Source "ChessBase"]
[SourceQuality "1"]
[TimeControl "5400+30"]

1. e4 {[%emt 0:00:00]} e5 {[%emt 0:00:00]} 2. Nf3 {[%emt 0:00:00]} Nc6 {[%emt 0:00:10]} 3. Bb5 {[%emt 0:00:00]} a6 {[%emt 0:00:11]} 4. Ba4 {[%emt 0:00:00]} Nf6 {[%emt 0:00:37]} 5. d4 {[%emt 0:00:00]} exd4 {[%emt 0:16:36]} 6. O-O {[%emt 0:00:58]} Be7 {[%emt 0:02:05]} 7. Re1 {[%emt 0:01:42]} O-O {[%emt 0:05:07]} 8. e5 {[%emt 0:01:03]} Nd5 {[%emt 0:01:07]} 9. c3 {[%emt 0:01:58]} d6 {[%emt 0:02:47]} 10. Bxc6 {[%emt 0:11:27]} bxc6 {[%emt 0:00:03]} 11. cxd4 {[%emt 0:00:09]} Bf5 {[%emt 0:06:07]} 12. a3 {[%emt 0:02:56]} Rb8 {[%emt 0:05:19]} 13. Nc3 {[%emt 0:02:53]} Rb6 {[%emt 0:05:09]} 14. Nd2 {[%emt 0:10:05]} dxe5 {[%emt 0:13:49]} 15. Nc4 {[%emt 0:01:43]} Rb8 {[%emt 0:08:34]} 16. Nxe5 {[%emt 0:01:29]} Qd6 {[%emt 0:00:47]} 17. Qa4 {[%emt 0:01:21]} c5 {[%emt 0:01:30]} 18. Nxd5 {[%emt 0:02:12]} Qxd5 {[%emt 0:01:16]} 19. Nc6 {[%emt 0:00:12]} Bd6 {[%emt 0:01:29]} 20. Nxb8 {[%emt 0:00:35]} Rxb8 {[%emt 0:00:08]} 21. Re8+ {[%emt 0:00:16]} Rxe8 {[%emt 0:00:03]} 22. Qxe8+ {[%emt 0:00:06]} Bf8 {[%emt 0:00:02]} 23. Be3 {[%emt 0:01:41]} cxd4 {[%emt 0:00:48]} 24. Rd1 {[%emt 0:00:29]} d3 {[%emt 0:00:08]} 25. Qa4 {[%emt 0:01:50]} Qb7 {[%emt 0:07:48]} 26. Rd2 {[%emt 0:04:25]} h6 {[%emt 0:01:01]} 27. Qc4 {[%emt 0:05:17]} Bxa3 {[%emt 0:02:59]} 28. g4 {[%emt 0:01:42]} Be4 {[%emt 0:03:25]} 29. f3 {[%emt 0:00:05]} Bxf3 {[%emt 0:01:29]} 30. bxa3 {[%emt 0:00:27]} Be2 {[%emt 0:01:39]} 31. Rxe2 {[%emt 0:08:48]} dxe2 {[%emt 0:00:43]} 32. Qxe2 {[%emt 0:00:04]} Qe4 {[%emt 0:00:30]} 33. Kf1 {[%emt 0:02:31]} a5 {[%emt 0:02:05]} 34. Bf2 {[%emt 0:01:34]} Qf4 {[%emt 0:01:35]} 35. Kg2 {[%emt 0:00:44]} Qa4 {[%emt 0:01:46]} 36. Qf3 {[%emt 0:01:47]} Qb5 {[%emt 0:03:41]} 37. Qa8+ {[%emt 0:00:45]} Kh7 {[%emt 0:00:19]} 38. Qe4+ {[%emt 0:00:21]} Kg8 {[%emt 0:00:49]} 39. a4 {[%emt 0:00:18]} Qd7 {[%emt 0:01:40]} 40. Qd4 {[%emt 0:00:27]} Qc6+ {[%emt 0:00:42]} 41. Kg3 {[%emt 0:01:45]} Qc2 {[%emt 0:01:41]} 42. Kh3 {[%emt 0:03:15]} Qc6 {[%emt 0:01:23]} 43. Bg3 {[%emt 0:00:37]} Qf3 {[%emt 0:00:42]} 44. Kh4 {[%emt 0:06:59]} Qf1 {[%emt 0:01:07]} 45. Qc3 {[%emt 0:02:25]} g5+ {[%emt 0:00:39]} 0-1

[Event "2nd Asian Nations Team Cup U14 2019"]
[Site "Shenzhen"]
[Date "2019.12.21"]
[Round "3.2"]
[White "Lam, Chun Yung Samuel"]
[Black "Kannappan, Thanneermalai"]
[Result "1-0"]
[WhiteElo "1288"]
[BlackElo "1495"]
[Annotator "NA RC"]
[PlyCount "106"]
[EventDate "2019.12.19"]
[EventType "team-tourn"]
[EventCountry "CHN"]
[SourceTitle "playchess.com"]
[Source "ChessBase"]
[SourceQuality "1"]
[TimeControl "5400+30"]

1. Nf3 {[%emt 0:00:00]} Nf6 {[%emt 0:00:00]} 2. g3 {[%emt 0:00:00]} b6 {[%emt 0:00:00]} 3. Bg2 {[%emt 0:00:00]} Bb7 {[%emt 0:00:04]} 4. O-O {[%emt 0:00:00]} e6 {[%emt 0:00:08]} 5. d3 {[%emt 0:00:00]} d5 {[%emt 0:00:07]} 6. Nbd2 {[%emt 0:00:00]} Be7 {[%emt 0:00:06]} 7. Re1 {[%emt 0:00:00]} O-O {[%emt 0:00:24]} 8. c3 {[%emt 0:01:34]} c5 {[%emt 0:01:22]} 9. Qc2 {[%emt 0:01:13]} Nc6 {[%emt 0:01:01]} 10. e4 {[%emt 0:01:58]} d4 {[%emt 0:11:25]} 11. e5 {[%emt 0:03:40]} Nd5 {[%emt 0:10:36]} 12. Nf1 {[%emt 0:07:38]} b5 {[%emt 0:07:20]} 13. a3 {[%emt 0:03:26]} dxc3 {[%emt 0:15:05]} 14. bxc3 {[%emt 0:00:28]} b4 {[%emt 0:10:42]} 15. c4 {[%emt 0:00:54]} Nb6 {[%emt 0:04:28]} 16. a4 {[%emt 0:00:27]} a5 {[%emt 0:01:00]} 17. N1d2 {[%emt 0:00:09]} Qd7 {[%emt 0:10:18]} 18. Ne4 {[%emt 0:01:55]} Nd4 {[%emt 0:04:43]} 19. Nxd4 {[%emt 0:00:23]} Qxd4 {[%emt 0:00:53]} 20. Bb2 {[%emt 0:00:24]} Qd7 {[%emt 0:00:14]} 21. Qe2 {[%emt 0:01:44]} Rad8 {[%emt 0:01:13]} 22. Rad1 {[%emt 0:00:23]} Nxa4 {[%emt 0:01:27]} 23. Ba1 {[%emt 0:00:31]} Nb6 {[%emt 0:01:50]} 24. Qg4 {[%emt 0:00:33]} Kh8 {[%emt 0:02:07]} 25. Nf6 {[%emt 0:00:21]} Bxf6 {[%emt 0:01:04]} 26. exf6 {[%emt 0:00:21]} g6 {[%emt 0:00:37]} 27. Bxb7 {[%emt 0:00:54]} Qxb7 {[%emt 0:00:14]} 28. Qg5 {[%emt 0:00:14]} Qf3 {[%emt 0:01:30]} 29. Qh6 {[%emt 0:01:34]} Rg8 {[%emt 0:00:11]} 30. Rd2 {[%emt 0:02:37]} Qh5 {[%emt 0:04:15]} 31. Qf4 {[%emt 0:01:23]} Qf5 {[%emt 0:03:07]} 32. Qc7 {[%emt 0:00:55]} Nd7 {[%emt 0:01:39]} 33. Rde2 {[%emt 0:01:44]} Rge8 {[%emt 0:00:30]} 34. Rxe6 {[%emt 0:00:45]} fxe6 {[%emt 0:01:18]} 35. f7+ {[%emt 0:00:17]} Nf6 {[%emt 0:01:01]} 36. fxe8=Q+ {[%emt 0:00:28]} Rxe8 {[%emt 0:00:03]} 37. Qf7 {[%emt 0:00:23]} e5 {[%emt 0:01:14]} 38. Rxe5 {[%emt 0:02:27]} Rxe5 {[%emt 0:00:21]} 39. Qf8+ {[%emt 0:00:24]} Ng8 {[%emt 0:00:29]} 40. Qxf5 {[%emt 0:00:09]} gxf5 {[%emt 0:00:11]} 41. Bxe5+ {[%emt 0:00:06]} Nf6 {[%emt 0:00:05]} 42. Bxf6+ {[%emt 0:00:05]} Kg8 {[%emt 0:00:04]} 43. Kf1 {[%emt 0:00:45]} a4 {[%emt 0:00:05]} 44. Ke2 {[%emt 0:00:04]} a3 {[%emt 0:00:05]} 45. Kd2 {[%emt 0:00:13]} Kf7 {[%emt 0:00:54]} 46. Ba1 {[%emt 0:00:54]} b3 {[%emt 0:00:12]} 47. Kc3 {[%emt 0:00:12]} b2 {[%emt 0:00:05]} 48. Bxb2 {[%emt 0:00:03]} axb2 {[%emt 0:00:04]} 49. Kxb2 {[%emt 0:00:03]} Ke6 {[%emt 0:00:12]} 50. f4 {[%emt 0:00:09]} h5 {[%emt 0:00:28]} 51. Kc3 {[%emt 0:00:03]} Kd6 {[%emt 0:00:13]} 52. d4 {[%emt 0:00:03]} cxd4+ {[%emt 0:00:06]} 53. Kxd4 {[%emt 0:00:04]} Kc6 {[%emt 0:00:12] Ke4 Kd5+} 1-0

[Event "2nd Asian Nations Team Cup U14 2019"]
[Site "Shenzhen"]
[Date "2019.12.21"]
[Round "3.3"]
[White "Liu, Fung Ming Mathew"]
[Black "Li, Yucheng Robinson"]
[Result "0-1"]
[WhiteElo "1493"]
[BlackElo "1185"]
[Annotator "NA RC"]
[PlyCount "204"]
[EventDate "2019.12.19"]
[EventType "team-tourn"]
[EventCountry "CHN"]
[SourceTitle "playchess.com"]
[Source "ChessBase"]
[SourceQuality "1"]
[TimeControl "5400+30"]

1. e4 {[%emt 0:00:00]} d5 {[%emt 0:00:00]} 2. exd5 {[%emt 0:00:00]} Qxd5 {[%emt 0:00:00]} 3. Nc3 {[%emt 0:00:08]} Qa5 {[%emt 0:00:14]} 4. d4 {[%emt 0:00:00]} Nf6 {[%emt 0:00:00]} 5. Nf3 {[%emt 0:00:04]} Bg4 {[%emt 0:00:00]} 6. h3 {[%emt 0:00:06]} Bh5 {[%emt 0:00:00]} 7. g4 {[%emt 0:00:05]} Bg6 {[%emt 0:00:07]} 8. Ne5 {[%emt 0:00:11]} e6 {[%emt 0:00:15]} 9. h4 {[%emt 0:01:09]} Be4 {[%emt 0:01:57]} 10. Rh3 {[%emt 0:01:46]} Bb4 {[%emt 0:02:12]} 11. Nc4 {[%emt 0:01:02]} Bxc3+ {[%emt 0:00:02]} 12. Rxc3 {[%emt 0:00:00]} Qb4 {[%emt 0:00:25]} 13. a3 {[%emt 0:00:11]} Qe7 {[%emt 0:00:40]} 14. Bg5 {[%emt 0:01:26]} h6 {[%emt 0:01:00]} 15. Bxf6 {[%emt 0:00:17]} Qxf6 {[%emt 0:00:43]} 16. Nd6+ {[%emt 0:02:39]} cxd6 {[%emt 0:01:13]} 17. Rc8+ {[%emt 0:00:05]} Ke7 {[%emt 0:00:41]} 18. Rxh8 {[%emt 0:00:44]} Qxh4 {[%emt 0:01:47]} 19. Qe2 {[%emt 0:01:51]} Bc6 {[%emt 0:01:36]} 20. O-O-O {[%emt 0:00:17]} b6 {[%emt 0:02:12]} 21. Kb1 {[%emt 0:05:45]} Qf6 {[%emt 0:00:38]} 22. d5 {[%emt 0:01:31]} Bb7 {[%emt 0:02:14]} 23. dxe6 {[%emt 0:00:00]} fxe6 {[%emt 0:06:23]} 24. Qd3 {[%emt 0:00:35]} d5 {[%emt 0:01:48]} 25. Qb5 {[%emt 0:04:03]} Nd7 {[%emt 0:03:54]} 26. Rxa8 {[%emt 0:03:09]} Bxa8 {[%emt 0:00:15]} 27. Qe2 {[%emt 0:00:16]} Bb7 {[%emt 0:02:13]} 28. Bg2 {[%emt 0:01:07]} Qe5 {[%emt 0:03:03]} 29. Re1 {[%emt 0:01:39]} Qxe2 {[%emt 0:00:34]} 30. Rxe2 {[%emt 0:00:07]} Ba6 {[%emt 0:00:09]} 31. Re3 {[%emt 0:00:26]} Nf6 {[%emt 0:01:16]} 32. Bf3 {[%emt 0:03:20]} g5 {[%emt 0:01:57]} 33. b3 {[%emt 0:00:41]} Kd6 {[%emt 0:00:24]} 34. Kb2 {[%emt 0:00:09]} e5 {[%emt 0:00:21]} 35. Re1 {[%emt 0:00:23]} e4 {[%emt 0:00:01]} 36. Bd1 {[%emt 0:00:05]} Bc8 {[%emt 0:01:28]} 37. Rg1 {[%emt 0:02:24]} d4 {[%emt 0:03:18]} 38. Kc1 {[%emt 0:00:00]} Ke5 {[%emt 0:00:47]} 39. f3 {[%emt 0:00:10]} e3 {[%emt 0:00:17]} 40. Be2 {[%emt 0:00:05]} Kf4 {[%emt 0:00:21]} 41. Rh1 {[%emt 0:00:17]} Nd5 {[%emt 0:00:24]} 42. Rd1 {[%emt 0:00:51]} Nc3 {[%emt 0:01:01]} 43. Rxd4+ {[%emt 0:00:31]} Ke5 {[%emt 0:00:34]} 44. Rc4 {[%emt 0:00:15]} Nxe2+ {[%emt 0:00:15]} 45. Kd1 {[%emt 0:00:07]} Ba6 {[%emt 0:00:25]} 46. Re4+ {[%emt 0:01:24]} Kf6 {[%emt 0:01:32]} 47. Rxe3 {[%emt 0:00:00]} Nd4 {[%emt 0:00:38]} 48. Kd2 {[%emt 0:00:00]} Bb7 {[%emt 0:00:12]} 49. Rc3 {[%emt 0:06:19]} Nxf3+ {[%emt 0:00:18]} 50. Kd1 {[%emt 0:06:50]} Nd4 {[%emt 0:00:00]} 51. Rd3 {[%emt 0:00:13]} Ke5 {[%emt 0:00:00]} 52. Kd2 {[%emt 0:03:28]} Be4 {[%emt 0:01:46]} 53. Rh3 {[%emt 0:05:47]} Nf3+ {[%emt 0:01:06]} 54. Ke3 {[%emt 0:01:02]} Nh4 {[%emt 0:00:18]} 55. c3 {[%emt 0:01:53]} Bd5 {[%emt 0:00:38]} 56. c4 {[%emt 0:00:19]} Be6 {[%emt 0:00:26]} 57. Rg3 {[%emt 0:00:34]} h5 {[%emt 0:01:24]} 58. Rg1 {[%emt 0:03:55]} Bxg4 {[%emt 0:00:25]} 59. b4 {[%emt 0:00:55]} Nf5+ {[%emt 0:00:10]} 60. Kd3 {[%emt 0:00:51]} Kd6 {[%emt 0:00:30]} 61. Ke4 {[%emt 0:00:14]} Ne7 {[%emt 0:00:35]} 62. Rf1 {[%emt 0:01:33]} Bf5+ {[%emt 0:00:33]} 63. Ke3 {[%emt 0:00:48]} h4 {[%emt 0:00:17]} 64. Rg1 {[%emt 0:00:27]} g4 {[%emt 0:00:10]} 65. Kf4 {[%emt 0:00:16]} h3 {[%emt 0:00:50]} 66. Rd1+ {[%emt 0:00:40]} Ke6 {[%emt 0:00:25]} 67. Re1+ {[%emt 0:00:08]} Kf6 {[%emt 0:00:12]} 68. a4 {[%emt 0:02:20]} Nc6 {[%emt 0:00:24]} 69. b5 {[%emt 0:02:49]} Nb4 {[%emt 0:00:28]} 70. Kg3 {[%emt 0:00:38]} Nd3 {[%emt 0:00:40]} 71. Re2 {[%emt 0:02:40]} Ne5 {[%emt 0:00:27]} 72. c5 {[%emt 0:01:19]} bxc5 {[%emt 0:00:35]} 73. a5 {[%emt 0:00:35]} Nc4 {[%emt 0:00:47]} 74. Ra2 {[%emt 0:02:42]} Be6 {[%emt 0:01:41]} 75. Ra1 {[%emt 0:05:15]} Bd7 {[%emt 0:00:18]} 76. b6 {[%emt 0:01:24]} axb6 {[%emt 0:01:02]} 77. axb6 {[%emt 0:00:16]} Nxb6 {[%emt 0:00:55]} 78. Ra6 {[%emt 0:00:13]} Ke5 {[%emt 0:00:15]} 79. Rxb6 {[%emt 0:00:11]} c4 {[%emt 0:00:56]} 80. Rb8 {[%emt 0:01:35]} c3 {[%emt 0:00:30]} 81. Rb3 {[%emt 0:01:01]} Kd4 {[%emt 0:02:13]} 82. Rb7 {[%emt 0:00:23]} Bf5 {[%emt 0:00:36]} 83. Rb8 {[%emt 0:00:24]} c2 {[%emt 0:00:36]} 84. Rd8+ {[%emt 0:00:17]} Kc3 {[%emt 0:00:14]} 85. Rd6 {[%emt 0:00:39]} c1=Q {[%emt 0:00:32]} 86. Rc6+ {[%emt 0:00:05]} Kd2 {[%emt 0:00:07]} 87. Rxc1 {[%emt 0:00:09]} Kxc1 {[%emt 0:00:04]} 88. Kh2 {[%emt 0:00:08]} Kd2 {[%emt 0:00:08]} 89. Kg3 {[%emt 0:00:03]} Ke2 {[%emt 0:00:10]} 90. Kh2 {[%emt 0:00:22]} Kf2 {[%emt 0:00:11]} 91. Kh1 {[%emt 0:00:05]} Be4+ {[%emt 0:00:04]} 92. Kh2 {[%emt 0:00:05]} g3+ {[%emt 0:00:06]} 93. Kxh3 {[%emt 0:00:17]} g2 {[%emt 0:00:18]} 94. Kh4 {[%emt 0:00:04]} g1=Q {[%emt 0:00:13]} 95. Kh5 {[%emt 0:00:04]} Bf3+ {[%emt 0:00:15]} 96. Kh6 {[%emt 0:00:07]} Ke3 {[%emt 0:00:23]} 97. Kh7 {[%emt 0:00:05]} Kf4 {[%emt 0:00:07]} 98. Kh6 {[%emt 0:00:09]} Be4 {[%emt 0:00:08]} 99. Kh5 {[%emt 0:01:05]} Qg6+ {[%emt 0:00:25]} 100. Kh4 Qg1 {[%emt 0:00:05]} 101. Kh5 {[%emt 0:00:03]} Qg6+ {[%emt 0:00:02]} 102. Kh4 {[%emt 0:00:02]} Qg1 {[%emt 0:00:02]} 0-1

[Event "2nd Asian Nations Team Cup U14 2019"]
[Site "Shenzhen"]
[Date "2019.12.21"]
[Round "3.4"]
[White "Huang, Yuen Tung"]
[Black "Lee, Gerent Chak Yan"]
[Result "1-0"]
[WhiteElo "1293"]
[BlackElo "1450"]
[Annotator "NA RC"]
[PlyCount "107"]
[EventDate "2019.12.19"]
[EventType "team-tourn"]
[EventCountry "CHN"]
[SourceTitle "playchess.com"]
[Source "ChessBase"]
[SourceQuality "1"]
[TimeControl "5400+30"]

1. e4 {[%emt 0:00:00]} e6 {[%emt 0:00:00]} 2. d4 {[%emt 0:00:00]} d5 {[%emt 0:00:00]} 3. Nd2 {[%emt 0:00:00]} Nf6 {[%emt 0:00:09]} 4. e5 {[%emt 0:00:00]} Nfd7 {[%emt 0:00:06]} 5. Ngf3 {[%emt 0:00:18]} c5 {[%emt 0:00:10]} 6. c3 {[%emt 0:00:07]} Nc6 {[%emt 0:00:18]} 7. Bd3 {[%emt 0:00:31]} Qb6 {[%emt 0:02:48]} 8. Qa4 {[%emt 0:04:10]} Be7 {[%emt 0:00:00]} 9. Nf1 {[%emt 0:03:14]} a6 {[%emt 0:02:55]} 10. Ng3 {[%emt 0:03:11]} Qa7 {[%emt 0:00:22]} 11. Be3 {[%emt 0:02:15]} b5 {[%emt 0:02:03]} 12. Qd1 {[%emt 0:01:08]} c4 {[%emt 0:00:40]} 13. Bc2 {[%emt 0:00:34]} h5 {[%emt 0:14:19]} 14. Bg5 {[%emt 0:12:48]} Nf8 {[%emt 0:00:00]} 15. Qe2 {[%emt 0:04:57]} Bd7 {[%emt 0:00:00]} 16. Bxe7 {[%emt 0:01:41]} Nxe7 {[%emt 0:00:00]} 17. h4 {[%emt 0:00:16]} O-O-O {[%emt 0:00:00]} 18. Ng5 {[%emt 0:01:26]} Be8 {[%emt 0:00:00]} 19. b3 {[%emt 0:41:54]} f6 {[%emt 0:47:17]} 20. exf6 {[%emt 0:00:00]} gxf6 {[%emt 0:00:18]} 21. Nxe6 {[%emt 0:00:00]} Nxe6 {[%emt 0:00:08]} 22. Qxe6+ {[%emt 0:00:00]} Bd7 {[%emt 0:00:06]} 23. Qe2 {[%emt 0:00:00]} f5 {[%emt 0:03:58]} 24. O-O-O {[%emt 0:00:00]} Rde8 {[%emt 0:02:56]} 25. Nxh5 {[%emt 0:00:00]} Qb6 {[%emt 0:00:32]} 26. Qf3 {[%emt 0:00:00]} Qa5 {[%emt 0:02:34]} 27. Kb2 {[%emt 0:00:00]} b4 {[%emt 0:01:05]} 28. cxb4 {[%emt 0:00:00]} Qxb4 {[%emt 0:00:38]} 29. Nf6 {[%emt 0:00:00]} Ref8 {[%emt 0:03:05]} 30. Nxd5 {[%emt 0:00:39]} Nxd5 {[%emt 0:01:41]} 31. Qxd5 {[%emt 0:00:14]} c3+ {[%emt 0:00:10]} 32. Ka1 {[%emt 0:00:12]} a5 {[%emt 0:02:52]} 33. Qc5+ {[%emt 0:03:26]} Kb7 {[%emt 0:00:12]} 34. Qxb4+ {[%emt 0:03:37]} axb4 {[%emt 0:00:15]} 35. d5 {[%emt 0:00:14]} Kb6 {[%emt 0:02:09]} 36. Rd4 {[%emt 0:03:24]} Bb5 {[%emt 0:06:04]} 37. Rxb4 {[%emt 0:05:28]} Kc5 {[%emt 0:00:36]} 38. Rf4 {[%emt 0:00:19]} Re8 {[%emt 0:00:57]} 39. Rxf5 {[%emt 0:03:14]} Re2 {[%emt 0:01:44]} 40. Kb1 {[%emt 0:00:36]} Ra8 {[%emt 0:00:45]} 41. a4 {[%emt 0:00:22]} Bxa4 {[%emt 0:01:14]} 42. d6+ {[%emt 0:01:40]} Kxd6 {[%emt 0:02:07]} 43. Rd1+ {[%emt 0:00:48]} Ke6 {[%emt 0:00:28]} 44. Rf3 {[%emt 0:00:53]} Rc8 {[%emt 0:02:29]} 45. Bf5+ {[%emt 0:00:27]} Ke5 {[%emt 0:01:01]} 46. Bxc8 {[%emt 0:00:28]} Bxb3 {[%emt 0:01:30]} 47. Rf5+ {[%emt 0:00:49]} Ke4 {[%emt 0:00:14]} 48. f3+ {[%emt 0:00:16]} Ke3 {[%emt 0:00:22]} 49. Re5+ {[%emt 0:00:31]} Kf4 {[%emt 0:00:20]} 50. Rxe2 {[%emt 0:00:40]} Bxd1 {[%emt 0:00:09]} 51. Re4+ {[%emt 0:01:12]} Kg3 {[%emt 0:00:11]} 52. Rg4+ {[%emt 0:00:15]} Kf2 {[%emt 0:00:04]} 53. h5 {[%emt 0:00:26]} Ke3 {[%emt 0:00:12]} 54. Kc1 {[%emt 0:00:10]} 1-0